[Event "DSM WK M 2009"]
[Site "Karlsruhe GER"]
[Date "2009.05.16"]
[Round "2"]
[White "Hüglin, Larissa"]
[Black "Jünger, Theresa"]
[Result "0-1"]
[Termination "normal"]
[Board "6.2"]
[WhiteElo "1135"]
[BlackElo "1422"]
[WhiteTeam "Gymnasium Kenzingen"]
[BlackTeam "Staatliches Gymnasium Arnstadt"]
[PlyCount "77"]
[WhiteFideId "12911933"]
[EventCountry "GER"]
[EventRounds "7"]
[EventType "team-swiss"]
[EventDate "2009.05.15"]

1. e4 c5 2. Nf3 d6 3. Nc3 a6 4. d4 cxd4 5. Nxd4 Nf6 6. Bd3 e6 7. Bg5 Be7 8. Nf3
Qc7 9. O-O Nbd7 10. Re1 O-O 11. Nd2 b5 12. Qf3 Ne5 13. Qg3 Ng6 14. Be2 Bd7 15.
Rad1 b4 16. Ncb1 Qxc2 17. Nc4 Nxe4 18. Bd3 Qxd1 19. Qe3 Bxg5 20. Rxd1 Bxe3 21.
fxe3 Bc6 22. Bxe4 Bxe4 23. Nbd2 Bc6 24. Rc1 d5 25. Nd6 Rfd8 26. Nxf7 Kxf7 27.
Nf3 h6 28. h4 Kf6 29. h5 Ne5 30. Nxe5 Kxe5 31. g4 Bb5 32. Kh2 Rac8 33. Rg1 Rc2+
34. Kg3 Rxb2 35. Rg2 Rxg2+ 36. Kxg2 d4 37. exd4+ Rxd4 38. Kg3 Rd3+ 39. Kf2 0-1

[Event "DSM WK M 2009"]
[Site "Karlsruhe GER"]
[Date "2009.05.16"]
[Round "2"]
[White "Zimmermann, Lara"]
[Black "Gregorzewski, Marie Sophie"]
[Result "1-0"]
[Termination "normal"]
[Board "6.4"]
[WhiteElo "1006"]
[BlackElo "1126"]
[WhiteTeam "Gymnasium Kenzingen"]
[BlackTeam "Staatliches Gymnasium Arnstadt"]
[PlyCount "51"]
[EventCountry "GER"]
[EventRounds "7"]
[EventType "team-swiss"]
[EventDate "2009.05.15"]

1. e4 d5 2. exd5 Nf6 3. Nc3 Nxd5 4. Nxd5 Qxd5 5. Nf3 e5 6. d4 exd4 7. Nxd4 Nc6
8. Be3 Bc5 9. c3 O-O 10. Be2 Qxg2 11. Bf3 Qg6 12. Qe2 Re8 13. O-O-O Nxd4 14.
cxd4 Bf5 15. dxc5 Qe6 16. Bd5 Qd7 17. Rhg1 c6 18. Be4 Qe6 19. Bxf5 Qxf5 20. Qd2
Re5 21. Qc3 Rae8 22. Rg5 Qf6 23. Rd6 Qe7 24. Rxe5 Qxe5 25. Qxe5 Rxe5 26. Rd8+
1-0

[Event "DSM WK M 2009"]
[Site "Karlsruhe GER"]
[Date "2009.05.16"]
[Round "2"]
[White "Hoffmann, Hanna Dorina"]
[Black "Reyher, Susan"]
[Result "1-0"]
[Termination "normal"]
[Board "7.1"]
[WhiteElo "1398"]
[BlackElo "972"]
[WhiteTeam "Mallinckrodt-Gymnasium Dortmund"]
[BlackTeam "Grundschule Pestalozzi Leegebruch"]
[PlyCount "31"]
[WhiteFideId "12909858"]
[BlackFideId "24686107"]
[EventCountry "GER"]
[EventRounds "7"]
[EventType "team-swiss"]
[EventDate "2009.05.15"]

1. e4 e5 2. Nf3 Nc6 3. Bc4 Bc5 4. b4 Bxb4 5. c3 Bc5 6. Qb3 Qe7 7. d4 exd4 8.
Ng5 Ne5 9. Bf4 f6 10. Bxe5 fxg5 11. Bxg8 d6 12. cxd4 dxe5 13. dxc5 Bd7 14. O-O
O-O-O 15. Bd5 Qxc5 16. Qxb7# 1-0

[Event "DSM WK M 2009"]
[Site "Karlsruhe GER"]
[Date "2009.05.16"]
[Round "2"]
[White "Wolff, Marie Antoinette"]
[Black "Demetrescu, Alice"]
[Result "1/2-1/2"]
[Termination "normal"]
[Board "7.2"]
[WhiteElo "708"]
[BlackElo "800"]
[WhiteTeam "Grundschule Pestalozzi Leegebruch"]
[BlackTeam "Mallinckrodt-Gymnasium Dortmund"]
[PlyCount "37"]
[WhiteFideId "12908258"]
[EventCountry "GER"]
[EventRounds "7"]
[EventType "team-swiss"]
[EventDate "2009.05.15"]

1. f4 d5 2. d4 e6 3. e3 Nf6 4. Bd3 g6 5. Nf3 Nc6 6. O-O Bg7 7. Nbd2 O-O 8. Ne5
Nb4 9. Be2 b6 10. a3 Na6 11. Nc6 Qd6 12. Ne5 c5 13. Rf3 cxd4 14. exd4 Ne4 15.
Nxe4 dxe4 16. Rh3 Bxe5 17. fxe5 Qc7 18. Bh5 Rd8 19. Bg5 1/2-1/2

[Event "DSM WK M 2009"]
[Site "Karlsruhe GER"]
[Date "2009.05.16"]
[Round "2"]
[White "Vollmer, Dorothee"]
[Black "Sauer, Annika"]
[Result "0-1"]
[Termination "normal"]
[Board "7.3"]
[WhiteElo "800"]
[BlackElo "722"]
[WhiteTeam "Mallinckrodt-Gymnasium Dortmund"]
[BlackTeam "Grundschule Pestalozzi Leegebruch"]
[PlyCount "38"]
[BlackFideId "12952052"]
[EventCountry "GER"]
[EventRounds "7"]
[EventType "team-swiss"]
[EventDate "2009.05.15"]

1. e4 e5 2. d3 Bc5 3. Nf3 Nc6 4. Nc3 Nf6 5. Bg5 d6 6. Be2 Bd7 7. O-O Qe7 8. a3
O-O-O 9. b4 Bd4 10. Nxd4 exd4 11. Nd5 Qe5 12. Nxf6 gxf6 13. Bh4 Rde8 14. Bg3
Qg5 15. h4 Qg7 16. b5 Na5 17. a4 Rhg8 18. f3 f5 19. Be1 Qxg2# 0-1

[Event "DSM WK M 2009"]
[Site "Karlsruhe GER"]
[Date "2009.05.16"]
[Round "2"]
[White "Allonge, Mandy"]
[Black "Nguyen, Michelle"]
[Result "1-0"]
[Termination "normal"]
[Board "7.4"]
[WhiteElo "800"]
[BlackElo "800"]
[WhiteTeam "Grundschule Pestalozzi Leegebruch"]
[BlackTeam "Mallinckrodt-Gymnasium Dortmund"]
[PlyCount "43"]
[EventCountry "GER"]
[EventRounds "7"]
[EventType "team-swiss"]
[EventDate "2009.05.15"]

1. e4 e5 2. Nf3 Nc6 3. Bc4 Bc5 4. Nc3 Nf6 5. d4 Bxd4 6. Nxd4 Nxd4 7. Be3 Nc6 8.
O-O O-O 9. Bc5 Re8 10. Be3 d6 11. Bg5 h6 12. Bh4 g5 13. Bg3 Bg4 14. Ne2 Na5 15.
Bd3 h5 16. b4 Nc6 17. Bc4 Nxe4 18. Qd5 Re7 19. Qxe4 h4 20. Bd3 hxg3 21. Qh7+
Kf8 22. Qh8# 1-0

[Event "DSM WK M 2009"]
[Site "Karlsruhe GER"]
[Date "2009.05.16"]
[Round "2"]
[White "Morawiak, Vivien"]
[Black "Heinemann, Josefine"]
[Result "0-1"]
[Termination "normal"]
[Board "8.1"]
[WhiteElo "800"]
[BlackElo "1120"]
[WhiteTeam "Katholische Schule St. Marien Berlin"]
[BlackTeam "Werner-von-Siemens-Gymnasium Magdeburg"]
[PlyCount "88"]
[BlackFideId "12900460"]
[EventCountry "GER"]
[EventRounds "7"]
[EventType "team-swiss"]
[EventDate "2009.05.15"]

1. d4 d5 2. c4 e6 3. Nc3 Nf6 4. e3 c5 5. Nf3 Nc6 6. Bd3 Bd6 7. O-O a6 8. b3 Qc7
9. Ba3 cxd4 10. Bxd6 Qxd6 11. exd4 Ng4 12. c5 Qc7 13. h3 Nf6 14. Qd2 Bd7 15.
Na4 O-O 16. Nb6 Rad8 17. Nxd7 Rxd7 18. a3 e5 19. Qe3 exd4 20. Nxd4 Re7 21. Ne6
Rxe6 22. Qd2 Ne5 23. Bf5 Re7 24. b4 Nc4 25. Qd4 Re5 26. Bd3 Nd2 27. Rfd1 Nb3
28. Qb2 Nxa1 29. Qxa1 Rfe8 30. f4 Re3 31. Bc2 b6 32. Bd3 bxc5 33. Bxa6 cxb4 34.
axb4 Qb6 35. Kf2 Ra3+ 36. Qd4 Qxd4+ 37. Rxd4 Rxa6 38. b5 Ra2+ 39. Kg3 Re3+ 40.
Kh2 Ree2 41. b6 Rxg2+ 42. Kh1 Rgb2 43. Rd2 Rxd2 44. b7 Ra1# 0-1

[Event "DSM WK M 2009"]
[Site "Karlsruhe GER"]
[Date "2009.05.16"]
[Round "2"]
[White "v. Chamier, Angelika"]
[Black "Zander, Carolin"]
[Result "0-1"]
[Termination "normal"]
[Board "8.3"]
[WhiteElo "800"]
[BlackElo "800"]
[WhiteTeam "Katholische Schule St. Marien Berlin"]
[BlackTeam "Werner-von-Siemens-Gymnasium Magdeburg"]
[PlyCount "86"]
[EventCountry "GER"]
[EventRounds "7"]
[EventType "team-swiss"]
[EventDate "2009.05.15"]

1. e4 e5 2. Bc4 Nc6 3. Nf3 Bb4 4. Ng5 Qxg5 5. O-O d6 6. d4 exd4 7. Bxg5 f6 8.
Bh4 g5 9. Bg3 Nh6 10. Nd2 Bg4 11. Nf3 O-O-O 12. Bb5 Na5 13. Be2 d3 14. cxd3
Rhe8 15. a3 Bc5 16. Rb1 Be6 17. d4 Bb6 18. e5 Bb3 19. Qd3 dxe5 20. dxe5 fxe5
21. Qb5 Ba2 22. Rbc1 Bc4 23. Qa4 Bxe2 24. Rfe1 Bxf3 25. gxf3 Rg8 26. Qc2 Rde8
27. Bxe5 Re7 28. Re3 Rge8 29. Rd3 Nc6 30. Bf6 Rd7 31. Bd4 Nxd4 32. Qd2 Rf8 33.
Qe1 Nxf3+ 34. Kf1 Nxe1 35. Re3 Nd3 36. Rd1 Nxf2 37. Rde1 Nhg4 38. Re8+ Rxe8 39.
Rxe8+ Rd8 40. Re4 Nxh2+ 41. Kg2 Nfg4 42. b4 Nf6 43. Re3 Rd2+ 0-1

[Event "DSM WK M 2009"]
[Site "Karlsruhe GER"]
[Date "2009.05.16"]
[Round "2"]
[White "Walther, Laura"]
[Black "v. Chamier, Jessica"]
[Result "1-0"]
[Termination "normal"]
[Board "8.4"]
[WhiteElo "800"]
[BlackElo "800"]
[WhiteTeam "Werner-von-Siemens-Gymnasium Magdeburg"]
[BlackTeam "Katholische Schule St. Marien Berlin"]
[PlyCount "63"]
[EventCountry "GER"]
[EventRounds "7"]
[EventType "team-swiss"]
[EventDate "2009.05.15"]

1. e4 e5 2. Nf3 Nc6 3. d4 exd4 4. Nxd4 Nxd4 5. Qxd4 Nf6 6. Nc3 Bd6 7. Bg5 O-O
8. Bc4 h6 9. Bh4 g5 10. Bg3 a6 11. e5 Be7 12. O-O d6 13. Rad1 Bg4 14. Rd2 b5
15. Re1 bxc4 16. Qxc4 Be6 17. Qc6 Ne4 18. Nxe4 Bd7 19. Qd5 c6 20. Qd3 d5 21.
Nd6 Bxd6 22. exd6 f5 23. Be5 Rb8 24. Bc3 Re8 25. Rde2 Re6 26. Qd4 Qf8 27. Rxe6
Bxe6 28. Rxe6 Kf7 29. Rf6+ Ke8 30. Rxf8+ Kxf8 31. Qf6+ Ke8 32. Qe7# 1-0

[Event "DSM WK M 2009"]
[Site "Karlsruhe GER"]
[Date "2009.05.16"]
[Round "2"]
[White "Zibell, Christine"]
[Black "Schütt, Sinja"]
[Result "1-0"]
[Termination "normal"]
[Board "9.2"]
[WhiteElo "794"]
[BlackElo "800"]
[WhiteTeam "Albert-Einstein-Gymnasium Neubrandenburg"]
[BlackTeam "Trave-Gymnasium Lübeck"]
[PlyCount "53"]
[EventCountry "GER"]
[EventRounds "7"]
[EventType "team-swiss"]
[EventDate "2009.05.15"]

1. e4 e5 2. Nc3 Nf6 3. Bc4 Bb4 4. Nf3 d6 5. O-O O-O 6. d3 Bg4 7. a3 Ba5 8. Be3
Nc6 9. Rb1 h5 10. b4 Bb6 11. Qd2 a5 12. b5 Ne7 13. a4 g6 14. Bh6 Re8 15. Ng5
Rf8 16. Kh1 Bd4 17. f3 Be6 18. Bxe6 Rc8 19. Nxf7 Qe8 20. Qg5 Rxf7 21. f4 Bxc3
22. fxe5 dxe5 23. Rxf6 c6 24. Rbf1 Rc7 25. Rxf7 Bb4 26. Qf6 Qxf7 27. Qxf7+ 1-0

[Event "DSM WK M 2009"]
[Site "Karlsruhe GER"]
[Date "2009.05.16"]
[Round "2"]
[White "Teege, Laura"]
[Black "Parchmann, Wiebke"]
[Result "0-1"]
[Termination "normal"]
[Board "9.3"]
[WhiteElo "800"]
[BlackElo "800"]
[WhiteTeam "Trave-Gymnasium Lübeck"]
[BlackTeam "Albert-Einstein-Gymnasium Neubrandenburg"]
[PlyCount "46"]
[EventCountry "GER"]
[EventRounds "7"]
[EventType "team-swiss"]
[EventDate "2009.05.15"]

1. e4 e5 2. Nf3 Nc6 3. Bc4 Bc5 4. d3 Nf6 5. O-O d6 6. Bg5 h6 7. Bh4 Be6 8. Bb5
Qd7 9. Nbd2 O-O-O 10. c4 Bg4 11. Qb3 Bb4 12. Rfd1 Nd4 13. Qxb4 Nc6 14. Rac1 Bh3
15. gxh3 Qxh3 16. a4 Ng4 17. Re1 Nxb4 18. Bxd8 Rxd8 19. Rc3 Na2 20. Rb3 g5 21.
a5 h5 22. Nxg5 Qxh2+ 23. Kf1 Qxf2# 0-1

[Event "DSM WK M 2009"]
[Site "Karlsruhe GER"]
[Date "2009.05.16"]
[Round "2"]
[White "Gold, Lisa"]
[Black "Eifert, Pia"]
[Result "1-0"]
[Termination "normal"]
[Board "9.4"]
[WhiteElo "800"]
[BlackElo "800"]
[WhiteTeam "Albert-Einstein-Gymnasium Neubrandenburg"]
[BlackTeam "Trave-Gymnasium Lübeck"]
[PlyCount "99"]
[EventCountry "GER"]
[EventRounds "7"]
[EventType "team-swiss"]
[EventDate "2009.05.15"]

1. e4 e5 2. Nf3 Nc6 3. Nc3 Bc5 4. Bc4 Nf6 5. d3 O-O 6. Bg5 h6 7. Be3 d6 8. Qd2
Bg4 9. O-O-O Qd7 10. Rhe1 Rad8 11. h3 Bh5 12. d4 Bb4 13. a3 Ba5 14. dxe5 dxe5
15. Bd3 Nd4 16. Bb5 c6 17. Nxe5 Qe6 18. Bf4 cxb5 19. g4 Nxe4 20. Rxe4 Nf3 21.
Qe2 Nh4 22. gxh5 f6 23. Ng6 Qf5 24. Nxf8 Rxf8 25. Nxb5 Rd8 26. Nd6 Qxh3 27.
Nxb7 Rxd1+ 28. Qxd1 Bb6 29. Re8+ Kh7 30. Qg1 Be3+ 31. fxe3 g5 32. Qf2 Qh1+ 33.
Kd2 Qxb7 34. Bd6 Qf3 35. Qh2 Qg2+ 36. Qxg2 Nxg2 37. Re7+ Kg8 38. Rxa7 g4 39. c4
Nh4 40. c5 Nf5 41. Bb8 g3 42. Bxg3 Nxg3 43. c6 f5 44. c7 Nf1+ 45. Ke2 Ng3+ 46.
Kd3 Kg7 47. c8=Q+ Kf6 48. Qg8 Ne4 49. Qg6+ Ke5 50. Ra5+ 1-0

[Event "DSM WK M 2009"]
[Site "Karlsruhe GER"]
[Date "2009.05.16"]
[Round "3"]
[White "Klinger, Jacquelin"]
[Black "Berger, Nadja"]
[Result "0-1"]
[Termination "normal"]
[Board "1.1"]
[WhiteElo "1329"]
[BlackElo "1579"]
[WhiteTeam "Märkische Schule Wattenscheid"]
[BlackTeam "Friedrich-Dessauer-Gymnasium Aschaffenburg"]
[PlyCount "64"]
[BlackFideId "24692212"]
[EventCountry "GER"]
[EventRounds "7"]
[EventType "team-swiss"]
[EventDate "2009.05.15"]

1. e4 c5 2. Bc4 Nc6 3. Nf3 g6 4. d3 Bg7 5. Nc3 e6 6. O-O Nge7 7. Re1 O-O 8. Bg5
h6 9. Bd2 Kh7 10. e5 Nf5 11. Bf4 d5 12. exd6 Nxd6 13. Bb3 Nf5 14. Rb1 Nfd4 15.
Ne4 b6 16. c3 Nxb3 17. axb3 Ba6 18. c4 Nb4 19. Bd6 Rg8 20. Be5 Nxd3 21. Bxg7
Nxe1 22. Nf6+ Kxg7 23. Nxg8 Qxd1 24. Rxd1 Nxf3+ 25. gxf3 Rxg8 26. Rd7 Ra8 27.
Kg2 Bc8 28. Rd8 Bb7 29. Rd7 Rb8 30. Kg3 Kf6 31. Kf4 e5+ 32. Kg4 Bc8 0-1

[Event "DSM WK M 2009"]
[Site "Karlsruhe GER"]
[Date "2009.05.16"]
[Round "3"]
[White "Berger, Melanie"]
[Black "Künstler, Tabea"]
[Result "1-0"]
[Termination "normal"]
[Board "1.3"]
[WhiteElo "1395"]
[BlackElo "1106"]
[WhiteTeam "Märkische Schule Wattenscheid"]
[BlackTeam "Friedrich-Dessauer-Gymnasium Aschaffenburg"]
[PlyCount "51"]
[EventCountry "GER"]
[EventRounds "7"]
[EventType "team-swiss"]
[EventDate "2009.05.15"]

1. d4 e6 2. Nf3 d5 3. c4 Nf6 4. Nc3 b6 5. Qb3 dxc4 6. Qxc4 Nd5 7. Nxd5 Qxd5 8.
Qxc7 Qd7 9. Qxd7+ Bxd7 10. e3 Be7 11. Bd3 O-O 12. O-O Nc6 13. a3 Rac8 14. Bd2
Rc7 15. Rac1 Bd6 16. Ng5 Nb8 17. Rxc7 Bxc7 18. Nxh7 Rc8 19. Ng5 f6 20. Ne4 Kf7
21. Rc1 Bd8 22. Nd6+ Ke7 23. Nxc8+ Bxc8 24. Rxc8 Nd7 25. Bb4+ Ke8 26. Bg6# 1-0

[Event "DSM WK M 2009"]
[Site "Karlsruhe GER"]
[Date "2009.05.16"]
[Round "3"]
[White "Schnepper, Pauline"]
[Black "Müller, Laura Margarita"]
[Result "0-1"]
[Termination "normal"]
[Board "1.4"]
[WhiteElo "1237"]
[BlackElo "1432"]
[WhiteTeam "Friedrich-Dessauer-Gymnasium Aschaffenburg"]
[BlackTeam "Märkische Schule Wattenscheid"]
[PlyCount "92"]
[WhiteFideId "12918040"]
[BlackFideId "12917923"]
[EventCountry "GER"]
[EventRounds "7"]
[EventType "team-swiss"]
[EventDate "2009.05.15"]

1. e4 e5 2. Nf3 Nc6 3. d4 exd4 4. Nxd4 Qf6 5. Nb5 Qe5 6. Qd5 Qxd5 7. Nxc7+ Kd8
8. Nxd5 Bd6 9. Be3 Nge7 10. Nxe7 Kxe7 11. Nc3 Re8 12. Nd5+ Kf8 13. Bd3 b6 14.
O-O Bb7 15. Rfe1 Ne7 16. Nxe7 Rxe7 17. f3 Rc8 18. a3 Bc5 19. b4 Bxe3+ 20. Rxe3
d5 21. Ree1 Rce8 22. Bb5 Rc8 23. Bd3 Rce8 24. e5 Rxe5 25. Rxe5 Rxe5 26. Bxh7 g6
27. f4 Rh5 28. Bxg6 fxg6 29. g4 Rh7 30. a4 Rf7 31. Rf1 Bc6 32. b5 Bb7 33. h4
Bc8 34. h5 gxh5 35. gxh5 Rh7 36. Rd1 Rxh5 37. Rd4 Ke7 38. c4 Kd6 39. cxd5 Rxd5
40. Re4 Kc5 41. Kg2 Rd4 42. Re7 Bd7 43. f5 Kd6 44. Rf7 Rf4 45. f6 Rxa4 46. Kg3
Bxb5 0-1

[Event "DSM WK M 2009"]
[Site "Karlsruhe GER"]
[Date "2009.05.16"]
[Round "3"]
[White "Kickert, Germaine Helene"]
[Black "Rolfs, Rebecca"]
[Result "1-0"]
[Termination "normal"]
[Board "2.1"]
[WhiteElo "1926"]
[BlackElo "1107"]
[WhiteTeam "Mariengymnasium Jever"]
[BlackTeam "Matthias-Claudius-Gymnasium Hamburg"]
[PlyCount "75"]
[WhiteFideId "24614890"]
[BlackFideId "24658219"]
[EventCountry "GER"]
[EventRounds "7"]
[EventType "team-swiss"]
[EventDate "2009.05.15"]

1. e4 e5 2. Nf3 Nc6 3. Bc4 Bc5 4. Nc3 Nf6 5. d3 d6 6. Bg5 Be6 7. Bb5 O-O 8. Nd2
a6 9. Ba4 b5 10. Bb3 Nd4 11. Nd5 Bxd5 12. Bxd5 c6 13. c3 cxd5 14. cxd4 Bxd4 15.
Rb1 dxe4 16. Nxe4 Kh8 17. Qf3 Qa5+ 18. Nd2 Nd7 19. a3 f6 20. Be3 Bxe3 21. Qxe3
Rfc8 22. O-O Rc2 23. Ne4 Qc7 24. Nc3 Qc5 25. Qe4 Rc8 26. d4 Qc4 27. Qxc2 Qxd4
28. Rfd1 Qb6 29. Qd3 Rc6 30. Nd5 Qb8 31. Nb4 Rb6 32. Rbc1 Nc5 33. Rxc5 a5 34.
Nc6 Qc7 35. Qxd6 Qxd6 36. Rxd6 Kg8 37. Ne7+ Kf7 38. Rxb6 1-0

[Event "DSM WK M 2009"]
[Site "Karlsruhe GER"]
[Date "2009.05.16"]
[Round "3"]
[White "Thiebach, Janina"]
[Black "Siewert, Jessica"]
[Result "0-1"]
[Termination "normal"]
[Board "2.2"]
[WhiteElo "800"]
[BlackElo "905"]
[WhiteTeam "Matthias-Claudius-Gymnasium Hamburg"]
[BlackTeam "Mariengymnasium Jever"]
[PlyCount "122"]
[WhiteFideId "12909360"]
[EventCountry "GER"]
[EventRounds "7"]
[EventType "team-swiss"]
[EventDate "2009.05.15"]

1. e4 e5 2. Nf3 Nc6 3. Bc4 Bc5 4. d3 Nf6 5. Nc3 h6 6. Bd2 O-O 7. Ng5 d6 8. Qf3
Nd4 9. Qd1 Qd7 10. Nf3 Nxf3+ 11. Qxf3 Qg4 12. O-O-O Qxf3 13. gxf3 Bxf2 14. Rdf1
Bd4 15. a3 Bh3 16. Re1 Bg2 17. Rhf1 Kh7 18. Nb5 Bxf1 19. Rxf1 Bb6 20. Re1 a6
21. Nc3 c6 22. Re2 Rad8 23. Rg2 d5 24. exd5 cxd5 25. Bb3 g6 26. Rg3 d4 27. Ne4
Nh5 28. Rh3 f5 29. Ng3 Nxg3 30. Rxg3 e4 31. f4 Bc7 32. Kb1 e3 33. Bb4 Rfe8 34.
Ba4 Rg8 35. Bb3 Rg7 36. c3 dxc3 37. Bxc3 e2 38. Rg1 Re7 39. h4 Rxd3 40. Kc2
Rde3 41. Bf6 Bxf4 42. Bxe7 Rxe7 43. Kd3 e1=N+ 44. Kc3 Re3+ 45. Kd2 Nf3+ 46. Kc2
Nxg1 47. Kb1 Nf3 48. Bd5 Nd2+ 49. Ka2 b5 50. Bc6 Be5 51. a4 b4 52. a5 Nc4 53.
Kb1 Bxb2 54. h5 Ba3 55. Bd5 Nxa5 56. Bf7 f4 57. hxg6+ Kg7 58. Bd5 f3 59. Bxf3
b3 60. Bd1 Re1 61. Ka1 Rxd1# 0-1

[Event "DSM WK M 2009"]
[Site "Karlsruhe GER"]
[Date "2009.05.16"]
[Round "3"]
[White "Scherf, Anna-Maria"]
[Black "Kiemele, Nicole"]
[Result "0-1"]
[Termination "normal"]
[Board "2.3"]
[WhiteElo "800"]
[BlackElo "796"]
[WhiteTeam "Mariengymnasium Jever"]
[BlackTeam "Matthias-Claudius-Gymnasium Hamburg"]
[PlyCount "42"]
[EventCountry "GER"]
[EventRounds "7"]
[EventType "team-swiss"]
[EventDate "2009.05.15"]

1. e3 e5 2. Nf3 Nc6 3. Bb5 e4 4. Bxc6 dxc6 5. Nd4 Bc5 6. Nb3 Bd6 7. Nc3 Qg5 8.
g3 Bg4 9. Ne2 Nf6 10. d3 O-O 11. O-O Qf5 12. Nbd4 Qh5 13. Qd2 c5 14. Nf4 Bxf4
15. exf4 cxd4 16. dxe4 Nxe4 17. Qxd4 Bh3 18. Re1 Rae8 19. Bd2 Qf3 20. Qxe4 Rxe4
21. Rxe4 Qg2# 0-1

[Event "DSM WK M 2009"]
[Site "Karlsruhe GER"]
[Date "2009.05.16"]
[Round "3"]
[White "Hölzer, Jeanette"]
[Black "Freesemann, Tanja"]
[Result "0-1"]
[Termination "normal"]
[Board "2.4"]
[WhiteElo "800"]
[BlackElo "800"]
[WhiteTeam "Matthias-Claudius-Gymnasium Hamburg"]
[BlackTeam "Mariengymnasium Jever"]
[PlyCount "124"]
[WhiteFideId "12917982"]
[EventCountry "GER"]
[EventRounds "7"]
[EventType "team-swiss"]
[EventDate "2009.05.15"]

1. e4 e5 2. Nf3 Nc6 3. Bc4 Bc5 4. d3 Nf6 5. Nc3 d6 6. Bg5 h6 7. Bh4 g5 8. Bg3
Bg4 9. h3 Bh5 10. Bh2 Qd7 11. g4 Bxg4 12. hxg4 Nxg4 13. Bg1 Nf6 14. a4 g4 15.
Nh4 Nd4 16. f3 O-O-O 17. Bxd4 Bxd4 18. Nf5 Bc5 19. Nxh6 g3 20. Qd2 Rhg8 21. Rg1
Bxg1 22. Nxg8 Rxg8 23. Qg2 Bf2+ 24. Kf1 Ng4 25. Nd1 Bd4 26. fxg4 Qxg4 27. Bxf7
Qf4+ 28. Ke2 Qxf7 29. c3 Qh5+ 30. Kd2 Qg5+ 31. Ke2 Bb6 32. b4 Rf8 33. Ke1 Bf2+
34. Nxf2 Rxf2 35. Qxf2 gxf2+ 36. Kxf2 Qd2+ 37. Kf3 Qxd3+ 38. Kf2 Qxc3 39. Rh1
Qxb4 40. Rh8+ Kd7 41. Rh7+ Kc6 42. Rh1 Qd2+ 43. Kf3 b5 44. axb5+ Kb6 45. Rh8
Qd3+ 46. Kg4 Qxe4+ 47. Kg3 Kxb5 48. Rb8+ Ka6 49. Rb2 Qd4 50. Ra2+ Kb6 51. Ra3
e4 52. Rb3+ Kc6 53. Rb1 Qd3+ 54. Kf4 Qxb1 55. Kf5 e3+ 56. Kf4 e2 57. Kf3 e1=Q
58. Kf4 Qe5+ 59. Kf3 Qbe4+ 60. Kf2 Q5f5+ 61. Kg3 Qeg4+ 62. Kh2 Qfh5# 0-1

[Event "DSM WK M 2009"]
[Site "Karlsruhe GER"]
[Date "2009.05.16"]
[Round "3"]
[White "Moyrer, Maren"]
[Black "Raab, Helen"]
[Result "0-1"]
[Termination "normal"]
[Board "3.1"]
[WhiteElo "984"]
[BlackElo "1587"]
[WhiteTeam "Schönborn-Gymnasium Bruchsal"]
[BlackTeam "Otto-Schott-Gymnasium Mainz-Gonsenheim"]
[PlyCount "102"]
[BlackFideId "24653608"]
[EventCountry "GER"]
[EventRounds "7"]
[EventType "team-swiss"]
[EventDate "2009.05.15"]

1. e4 e6 2. d4 d5 3. e5 c5 4. c3 Nc6 5. Nf3 Qb6 6. Be2 cxd4 7. cxd4 Nge7 8. Nc3
Nf5 9. Bb5 a6 10. Bxc6+ bxc6 11. O-O Bd7 12. Ne2 c5 13. b3 Bb5 14. dxc5 Bxc5
15. Bb2 O-O 16. Qd2 a5 17. a4 Ba6 18. Ba3 Rac8 19. Bxc5 Rxc5 20. Rfc1 Bxe2 21.
Qxe2 Rxc1+ 22. Rxc1 Qxb3 23. Qd1 Qxd1+ 24. Rxd1 h5 25. Nd4 Nxd4 26. Rxd4 Rb8
27. Rd1 Rb4 28. Ra1 Re4 29. f3 Rxe5 30. Kf2 d4 31. f4 Rd5 32. Rd1 f6 33. Kf3
Kf7 34. Ke4 f5+ 35. Kd3 Rc5 36. Kxd4 Rd5+ 37. Kc4 Rxd1 38. Kc3 Kf6 39. g3 g5
40. Kc4 gxf4 41. gxf4 Rf1 42. Kb5 Rxf4 43. Kxa5 Rf1 44. Kb6 e5 45. a5 e4 46. a6
e3 47. a7 Ra1 48. Kb7 e2 49. a8=Q Rxa8 50. Kxa8 e1=Q 51. Kb7 Qe6 0-1

[Event "DSM WK M 2009"]
[Site "Karlsruhe GER"]
[Date "2009.05.16"]
[Round "3"]
[White "Efinger, Leila"]
[Black "Brambach, Selina"]
[Result "0-1"]
[Termination "normal"]
[Board "3.2"]
[WhiteElo "956"]
[BlackElo "967"]
[WhiteTeam "Otto-Schott-Gymnasium Mainz-Gonsenheim"]
[BlackTeam "Schönborn-Gymnasium Bruchsal"]
[PlyCount "94"]
[WhiteFideId "12931705"]
[EventCountry "GER"]
[EventRounds "7"]
[EventType "team-swiss"]
[EventDate "2009.05.15"]

1. d4 e6 2. Bf4 d5 3. e3 Nf6 4. Bd3 c5 5. c3 Nc6 6. Nf3 Qb6 7. Qc2 Bd7 8. Nbd2
Be7 9. O-O O-O 10. Rfe1 Rac8 11. Ne5 Rfd8 12. Ndf3 Ne4 13. Rab1 Nxe5 14. Nxe5
Bc6 15. Qe2 Bd6 16. Qg4 Nf6 17. Qg3 Nh5 18. Qh4 g6 19. e4 dxe4 20. Bxe4 Bxe4
21. Rxe4 f5 22. Re3 cxd4 23. cxd4 Qxd4 24. g3 Nxf4 25. Qxf4 Qxf4 26. gxf4 Rc2
27. Ree1 Bc5 28. Rf1 Rdd2 29. Rbc1 Rxc1 30. Rxc1 Bxf2+ 31. Kf1 Be3 32. Rc8+ Kg7
33. Rc7+ Kh6 34. Rxb7 Bxf4 35. Rxa7 Bxe5 36. b4 Rxh2 37. a4 Bd4 38. Re7 e5 39.
a5 Rb2 40. Rb7 Bc3 41. a6 Ra2 42. b5 Bd4 43. a7 Bxa7 44. Re7 e4 45. Re6 Rb2 46.
Re5 e3 47. Rxe3 Bxe3 0-1

[Event "DSM WK M 2009"]
[Site "Karlsruhe GER"]
[Date "2009.05.16"]
[Round "3"]
[White "Bürger, Nicoletta"]
[Black "Beck, Clara"]
[Result "1/2-1/2"]
[Termination "normal"]
[Board "3.3"]
[WhiteElo "984"]
[BlackElo "758"]
[WhiteTeam "Schönborn-Gymnasium Bruchsal"]
[BlackTeam "Otto-Schott-Gymnasium Mainz-Gonsenheim"]
[PlyCount "115"]
[EventCountry "GER"]
[EventRounds "7"]
[EventType "team-swiss"]
[EventDate "2009.05.15"]

1. e4 e5 2. Nf3 Nc6 3. Nc3 Nf6 4. Bc4 Nxe4 5. Nxe4 d5 6. Bxd5 Qxd5 7. d3 Bg4 8.
Be3 O-O-O 9. c4 Qxd3 10. Qxd3 Rxd3 11. a3 Bxf3 12. gxf3 Nd4 13. f4 Rb3 14. Kf1
Nc2 15. Rb1 Nxe3+ 16. fxe3 Rxe3 17. Ng5 exf4 18. Nxf7 Rg8 19. Kf2 Bc5 20. Kg2
Rf8 21. Ng5 f3+ 22. Kg3 f2+ 23. Kg2 Rf5 24. Nxh7 Re7 25. b4 Be3 26. Rhf1 g6 27.
Rbd1 Rxh7 28. Rd3 Re7 29. Kg3 g5 30. Kg4 Rfe5 31. Rfd1 Re8 32. Rf1 Re4+ 33. Kg3
Rf8 34. c5 g4 35. Rc3 Rf3+ 36. Kg2 Bd4 37. Rxf3 gxf3+ 38. Kxf3 Rh4 39. Kg2 Kd7
40. h3 Rh7 41. Kg3 Rf7 42. Kg2 Ke6 43. h4 Kd5 44. Rd1 f1=Q+ 45. Rxf1 Rxf1 46.
Kxf1 Ke6 47. Ke2 b6 48. cxb6 cxb6 49. Kd3 Bb2 50. a4 Kd5 51. Kc2 Bg7 52. Kb3
Kc6 53. Kc4 a5 54. bxa5 bxa5 55. Kb3 Bf6 56. h5 Bg5 57. Ka3 Be3 58. Kb3 1/2-1/2